[Event "Novosibirsk"]
[Site "Novosibirsk"]
[Date "2014.07.24"]
[Round "3"]
[White "Akselrod, Vladislav"]
[Black "Chigvintsev, Andrei"]
[Result "1-0"]
[WhiteElo "2413"]
[BlackElo "2325"]
[PlyCount "59"]
[EventDate "2014.07.22"]
[EventType "tourn"]
[EventRounds "9"]
[EventCountry "RUS"]
[SourceTitle "EXT 2016"]
[Source "ChessBase"]
[SourceDate "2015.10.08"]
[SourceVersion "1"]
[SourceVersionDate "2015.10.08"]
[SourceQuality "1"]

1. d4 d5 2. Nf3 c6 3. Bf4 Qb6 4. Qc1 Nf6 5. e3 Bf5 6. c4 dxc4 7. Bxc4 e6 8. 0-0 Be7 9. Nc3 0-0 10. h3 Nbd7 11. Nh4 Be4 12. Nxe4 Nxe4 13. Nf3 Ndf6 14. Qc2 h6 15. Bd3 Nd6 16. e4 Nb5 17. Be3 Qd8 18. Qb3 Rb8 19. Bxb5 cxb5 20. Bf4 Ra8 21. Qxb5 Nxe4 22. Qxb7 Nd6 23. Qa6 Nf5 24. Rfd1 Qd5 25. Rac1 Bf6 26. Be5 Rfd8 27. Bxf6 gxf6 28. Rc7 Rd6 29. Qa3 a6 30. Rc5 1-0

[Event "Novosibirsk"]
[Site "Novosibirsk"]
[Date "2014.07.22"]
[Round "1"]
[White "Akselrod, Vladislav"]
[Black "Giljazitdinov, Eduard"]
[Result "1-0"]
[WhiteElo "2413"]
[BlackElo "2098"]
[PlyCount "105"]
[EventDate "2014.07.22"]
[EventType "tourn"]
[EventRounds "9"]
[EventCountry "RUS"]
[SourceTitle "EXT 2016"]
[Source "ChessBase"]
[SourceDate "2015.10.08"]
[SourceVersion "1"]
[SourceVersionDate "2015.10.08"]
[SourceQuality "1"]

1. d4 Nf6 2. Nf3 g6 3. Nc3 Bg7 4. e4 d6 5. h3 0-0 6. Be3 c6 7. a4 Qa5 8. Qd2 e5 9. dxe5 dxe5 10. Bd3 Nbd7 11. 0-0 Nc5 12. Bc4 Rd8 13. Nd5 Qxd2 14. Nxf6+ Bxf6 15. Nxd2 Ne6 16. c3 Nf4 17. Rfd1 Be6 18. Bxe6 Nxe6 19. Nc4 b6 20. b4 Rxd1+ 21. Rxd1 Rd8 22. Rxd8+ Nxd8 23. b5 cxb5 24. axb5 Nb7 25. Bc1 Kf8 26. f3 Ke7 27. Kf1 Ke6 28. Ba3 Bd8 29. Ke2 f6 30. Kd3 Be7 31. Bc1 Bc5 32. Nd2 Be7 33. Nf1 Bc5 34. g3 f5 35. exf5+ gxf5 36. g4 e4+ 37. fxe4 fxe4+ 38. Kxe4 Nd6+ 39. Kd3 Nxb5 40. Ng3 Nd6 41. Ne2 b5 42. h4 a5 43. h5 a4 44. Nf4+ Ke5 45. Kc2 Ke4 46. Ne6 Bb6 47. Ng5+ Ke5 48. Nxh7 Bc5 49. Nf8 Ke4 50. Be3 Bxe3 51. g5 Kf4 52. g6 Nf5 53. g7 1-0

[Event "Khanty-Mansiysk Governor Cup-A 8th"]
[Site "Khanty-Mansiysk"]
[Date "2012.11.16"]
[Round "2"]
[White "Akselrod, Vladislav"]
[Black "Matlakov, Maxim"]
[Result "0-1"]
[WhiteElo "2402"]
[BlackElo "2673"]
[PlyCount "72"]
[EventDate "2012.11.15"]
[EventType "swiss"]
[EventRounds "9"]
[EventCountry "RUS"]
[SourceTitle "CBM 151 Extra"]
[Source "ChessBase"]
[SourceDate "2012.12.18"]
[SourceVersion "1"]
[SourceVersionDate "2012.12.18"]
[SourceQuality "1"]

1. d4 Nf6 2. Nf3 g6 3. Nc3 d5 4. Bf4 Bg7 5. e3 0-0 6. Be2 c5 7. dxc5 Nbd7 8. 0-0 Nxc5 9. h3 b6 10. Nb5 Bb7 11. Bc7 Qd7 12. Be5 a6 13. Nbd4 Rac8 14. Qe1 b5 15. b3 Qd8 16. a4 bxa4 17. bxa4 Nfd7 18. Bxg7 Kxg7 19. Nb3 Qb6 20. a5 Qf6 21. Nxc5 Rxc5 22. Qb4 Rb8 23. Qa4 Bc6 24. Qg4 h5 25. Qg3 Ba8 26. Ra4 e5 27. Rh4 Rxc2 28. Bd3 Rc3 29. Bb1 Rbc8 30. Rxh5 Rc1 31. Rf5 Rxf1+ 32. Kxf1 Rc1+ 33. Ke2 Qe7 34. Ng5 f6 35. Ne6+ Qxe6 36. Rg5 fxg5 0-1

[Event "Khanty-Mansiysk Governor Cup-A 8th"]
[Site "Khanty-Mansiysk"]
[Date "2012.11.15"]
[Round "1"]
[White "Ponkratov, Pavel"]
[Black "Akselrod, Vladislav"]
[Result "1/2-1/2"]
[WhiteElo "2589"]
[BlackElo "2402"]
[PlyCount "114"]
[EventDate "2012.11.15"]
[EventType "swiss"]
[EventRounds "9"]
[EventCountry "RUS"]
[SourceTitle "CBM 151 Extra"]
[Source "ChessBase"]
[SourceDate "2012.12.18"]
[SourceVersion "1"]
[SourceVersionDate "2012.12.18"]
[SourceQuality "1"]

1. e4 c5 2. Nf3 a6 3. c3 e6 4. d4 d5 5. e5 Nc6 6. Bd3 Bd7 7. 0-0 Rc8 8. a3 cxd4 9. cxd4 Qb6 10. Bc2 g5 11. h3 h5 12. Bxg5 Qxb2 13. Nbd2 Nxd4 14. Bd3 Bh6 15. Nxd4 Qxd4 16. Nf3 Qa4 17. Qd2 Bb5 18. Rfc1 Rxc1+ 19. Rxc1 Bc6 20. Bxh6 Nxh6 21. Rc3 Ng8 22. Bc2 Qa5 23. Ng5 Ne7 24. Nxf7 Rg8 25. Nd6+ Kd7 26. Ne4 Kc8 27. Nf6 Rd8 28. Qd4 h4 29. Bd3 Kb8 30. Rc1 Rc8 31. Kh2 Qd2 32. Rc2 Qd1 33. Qe3 Qa1 34. Bh7 d4 35. Qc1 Qxc1 36. Rxc1 Rd8 37. Rd1 Kc7 38. Bd3 b5 39. g3 Nd5 40. Nxd5+ Rxd5 41. f4 hxg3+ 42. Kxg3 Rc5 43. h4 Rc3 44. Kg4 Kb6 45. h5 Kc5 46. f5 exf5+ 47. Kf4 Be4 48. h6 Kd5 49. Rd2 Rc8 50. Bf1 Rg8 51. Bh3 Rh8 52. e6 Rxh6 53. e7 Re6 54. Re2 Rxe7 55. Bxf5 d3 56. Bxe4+ Kd4 57. Bxd3 Rxe2 1/2-1/2

[Event "Khanty-Mansiysk Governor Cup 7th"]
[Site "Khanty-Mansiysk"]
[Date "2011.09.08"]
[Round "9"]
[White "Akselrod, Vladislav"]
[Black "Samdanov, Samdan"]
[Result "1-0"]
[WhiteElo "2431"]
[BlackElo "2188"]
[PlyCount "97"]
[EventDate "2011.08.31"]
[EventType "swiss"]
[EventRounds "9"]
[EventCountry "RUS"]
[SourceTitle "CBM 144 Extra"]
[Source "ChessBase"]
[SourceDate "2011.10.28"]
[SourceVersion "1"]
[SourceVersionDate "2011.10.28"]
[SourceQuality "1"]

1. d4 Nf6 2. Nf3 g6 3. Nc3 Bg7 4. e4 d6 5. h3 0-0 6. Be3 c6 7. a4 Qa5 8. Bd3 Nbd7 9. 0-0 e5 10. dxe5 dxe5 11. Rb1 Qb4 12. Qe2 Re8 13. Bc4 Nh5 14. Bb3 Nf4 15. Qc4 Qe7 16. Rfd1 Nf8 17. Bxf4 exf4 18. e5 Be6 19. Qxf4 Bxb3 20. cxb3 Bxe5 21. Nxe5 Qxe5 22. Qh4 Qe7 23. Qg4 Rad8 24. b4 Kg7 25. b5 cxb5 26. Nxb5 a6 27. Nc3 Qe5 28. Qf3 b5 29. a5 Rxd1+ 30. Rxd1 b4 31. Nd5 Qxb2 32. h4 h5 33. g3 Nh7 34. Kg2 Re5 35. Nf4 Rxa5 36. Rd7 Qf6 37. Qe4 Re5 38. Qd4 Rf5 39. Ne6+ Kh6 40. Qd2+ g5 41. Nd4 Rc5 42. Qxb4 Qe5 43. Qb6+ f6 44. Qb7 Nf8 45. hxg5+ fxg5 46. Qxa6+ Ng6 47. Qb7 g4 48. Rh7+ Kg5 49. f4+ 1-0

[Event "Khanty-Mansiysk Governor Cup 7th"]
[Site "Khanty-Mansiysk"]
[Date "2011.09.05"]
[Round "6"]
[White "Semenova, Elena"]
[Black "Akselrod, Vladislav"]
[Result "0-1"]
[WhiteElo "2175"]
[BlackElo "2431"]
[PlyCount "62"]
[EventDate "2011.08.31"]
[EventType "swiss"]
[EventRounds "9"]
[EventCountry "RUS"]
[SourceTitle "CBM 144 Extra"]
[Source "ChessBase"]
[SourceDate "2011.10.28"]
[SourceVersion "1"]
[SourceVersionDate "2011.10.28"]
[SourceQuality "1"]

1. e4 e5 2. Nf3 Nc6 3. d4 exd4 4. Nxd4 Bc5 5. Nb3 Bb6 6. Nc3 d6 7. Qe2 Nf6 8. Be3 0-0 9. 0-0-0 Be6 10. f3 Nd7 11. Kb1 f5 12. exf5 Bxf5 13. Bxb6 Nxb6 14. Nb5 Kh8 15. N5d4 Qf6 16. Qd2 a5 17. Nxf5 Qxf5 18. Nd4 Qf6 19. Be2 Rae8 20. Bb5 Re5 21. Bxc6 bxc6 22. Rhe1 Rd5 23. Qc3 Rc5 24. Qb3 Rc4 25. Qd3 c5 26. Nb5 Rb8 27. Kc1 Rb4 28. Nc3 Rxb2 29. Qe4 h6 30. Kxb2 Nc4+ 31. Kc1 Qxc3 0-1

[Event "Khanty-Mansiysk Governor Cup 7th"]
[Site "Khanty-Mansiysk"]
[Date "2011.09.02"]
[Round "3"]
[White "Kokarev, Dmitry"]
[Black "Akselrod, Vladislav"]
[Result "1-0"]
[WhiteElo "2596"]
[BlackElo "2431"]
[PlyCount "75"]
[EventDate "2011.08.31"]
[EventType "swiss"]
[EventRounds "9"]
[EventCountry "RUS"]
[SourceTitle "CBM 144 Extra"]
[Source "ChessBase"]
[SourceDate "2011.10.28"]
[SourceVersion "1"]
[SourceVersionDate "2011.10.28"]
[SourceQuality "1"]

1. e4 e6 2. d4 d5 3. Nc3 Bb4 4. e5 c5 5. a3 Bxc3+ 6. bxc3 Ne7 7. Qg4 Kf8 8. Bd2 Nbc6 9. Nf3 Nf5 10. dxc5 Qc7 11. Qf4 Nce7 12. h4 Ng6 13. Qh2 h5 14. Bd3 Qxc5 15. 0-0 Kg8 16. Rfb1 Qe7 17. Bxf5 exf5 18. a4 b6 19. a5 bxa5 20. Rxa5 Qc7 21. Rba1 Be6 22. Qg3 f4 23. Bxf4 Qxc3 24. Bd2 Qxc2 25. Rxa7 Rxa7 26. Rxa7 Qb1+ 27. Kh2 Qb8 28. Be3 Bg4 29. Ng5 f6 30. exf6 Qxg3+ 31. Kxg3 gxf6 32. Nf7 Rh7 33. Nh6+ Rxh6 34. Bxh6 Ne5 35. f3 Be6 36. Be3 Bf7 37. Ra6 Nd7 38. Rd6 1-0

[Event "Khanty-Mansiysk Governor Cup 6th"]
[Site "Khanty-Mansiysk"]
[Date "2010.09.19"]
[Round "3"]
[White "Akselrod, Vladislav"]
[Black "Kirillov, Igor"]
[Result "1-0"]
[WhiteElo "2427"]
[BlackElo "2276"]
[PlyCount "91"]
[EventDate "2010.09.17"]
[EventType "swiss"]
[EventRounds "10"]
[EventCountry "RUS"]
[SourceTitle "CBM 138 Extra"]
[Source "ChessBase"]
[SourceDate "2010.10.29"]
[SourceVersion "1"]
[SourceVersionDate "2010.10.29"]
[SourceQuality "1"]

1. d4 Nf6 2. Nf3 c5 3. e3 e6 4. Be2 Be7 5. 0-0 0-0 6. dxc5 Bxc5 7. a3 a5 8. c4 d5 9. cxd5 exd5 10. Qc2 Bb6 11. Nc3 Be6 12. Na4 Ba7 13. b4 Nbd7 14. Bb2 Rc8 15. Qd1 h6 16. Rc1 axb4 17. Rxc8 Qxc8 18. axb4 Ne4 19. Qa1 f6 20. Rc1 Qa8 21. Nd4 Bf7 22. Rc7 Ne5 23. Nf5 Bb8 24. Bxe5 fxe5 25. Qxe5 Nf6 26. Qg3 g6 27. Nxh6+ Kg7 28. Nf5+ Kg8 29. Ne7+ Kg7 30. Nc5 Qa1+ 31. Bf1 Bxc7 32. Qxc7 Kh8 33. Qf4 Kg7 34. Qg5 b6 35. Ne6+ Bxe6 36. Qxg6+ Kh8 37. Qh6+ Nh7 38. Qxe6 Kg7 39. Qg6+ Kh8 40. Qxb6 Kg7 41. Qg6+ Kh8 42. Qe6 Kg7 43. Qg4+ Kf7 44. Nxd5 Qe1 45. b5 Ke8 46. Qe6+ 1-0

[Event "Dos Hermanas Internet qual-C 10th"]
[Site "ICC INT"]
[Date "2009.03.14"]
[Round "10"]
[White "Akselrod, Vladislav"]
[Black "Jackson, James P"]
[Result "1-0"]
[WhiteElo "2446"]
[BlackElo "2093"]
[PlyCount "51"]
[EventDate "2009.03.14"]
[EventType "swiss (blitz)"]
[EventRounds "12"]
[EventCountry "ESP"]
[SourceTitle "CBM 129 Extra"]
[Source "ChessBase"]
[SourceDate "2009.05.05"]
[SourceVersion "2"]
[SourceVersionDate "2009.05.20"]
[SourceQuality "1"]

1. d4 Nf6 2. Nf3 e6 3. Bg5 h6 4. Bxf6 Qxf6 5. e4 d5 6. e5 Qd8 7. c3 c5 8. Bd3 Nc6 9. 0-0 Qb6 10. Qd2 Bd7 11. dxc5 Bxc5 12. b4 Be7 13. a4 Qc7 14. Re1 0-0 15. Na3 a6 16. Nc2 Rac8 17. Ncd4 Nxd4 18. cxd4 Qc3 19. Rab1 Qxd2 20. Nxd2 Bxa4 21. Nf3 Bc2 22. Bxc2 Rxc2 23. b5 a5 24. b6 a4 25. Rec1 Rb8 26. Rxc2 1-0

[Event "Dos Hermanas Internet qual-C 10th"]
[Site "ICC INT"]
[Date "2009.03.14"]
[Round "6"]
[White "Akselrod, Vladislav"]
[Black "Rascon Vega, Alfonso Carlos"]
[Result "0-1"]
[WhiteElo "2446"]
[BlackElo "2080"]
[PlyCount "204"]
[EventDate "2009.03.14"]
[EventType "swiss (blitz)"]
[EventRounds "12"]
[EventCountry "ESP"]
[SourceTitle "CBM 129 Extra"]
[Source "ChessBase"]
[SourceDate "2009.05.05"]
[SourceVersion "2"]
[SourceVersionDate "2009.05.20"]
[SourceQuality "1"]

1. d4 Nf6 2. Nf3 e6 3. g3 d5 4. Bg2 Be7 5. 0-0 0-0 6. c4 c6 7. Nc3 Ne4 8. Nxe4 dxe4 9. Ne1 f5 10. Bf4 Nd7 11. f3 exf3 12. Nxf3 Bf6 13. h4 Qb6 14. b3 a5 15. e3 Re8 16. Bd6 Nf8 17. c5 Qd8 18. Ne5 Bd7 19. e4 a4 20. b4 b6 21. Rb1 b5 22. a3 Bxe5 23. dxe5 Ng6 24. h5 Nf8 25. Qd2 h6 26. Kf2 Ra7 27. Ke2 Kh8 28. Kd3 Nh7 29. Kc3 Ng5 30. Rbe1 Rg8 31. Rf4 Qe8 32. Qd1 Bc8 33. Ref1 Rf7 34. g4 fxe4 35. Rxf7 Nxf7 36. Bxe4 Nxd6 37. Qxd6 Bd7 38. Bc2 g5 39. Rf6 Rg7 40. Rxh6+ Kg8 41. Rf6 Rf7 42. Bg6 Rxf6 43. exf6 Qc8 44. h6 e5 45. h7+ Kh8 46. f7 Kg7 47. h8Q+ Qxh8 48. Qxd7 Qh3+ 49. Bd3 Qe3 50. Qe8 Qd4+ 51. Kd2 Qb2+ 52. Ke3 Qd4+ 53. Ke2 Qxg4+ 54. Ke1 Qg1+ 55. Kd2 Qf2+ 56. Be2 Qd4+ 57. Ke1 Qg1+ 58. Bf1 Qe3+ 59. Kd1 Qb3+ 60. Kd2 Qb2+ 61. Ke3 Qd4+ 62. Ke2 Qe4+ 63. Kf2 Qf4+ 64. Ke1 Qc1+ 65. Kf2 Qf4+ 66. Kg1 Qg3+ 67. Bg2 Qe1+ 68. Kh2 Qh4+ 69. Bh3 Qf2+ 70. Kh1 Qf3+ 71. Kh2 Qf2+ 72. Kh1 Qe1+ 73. Kh2 Qd2+ 74. Bg2 Qf4+ 75. Kh1 Qc1+ 76. Kh2 Qf4+ 77. Kh1 Qh4+ 78. Kg1 Qe1+ 79. Bf1 Qg3+ 80. Bg2 Qe3+ 81. Kh1 Qe1+ 82. Kh2 Qh4+ 83. Kg1 Qe1+ 84. Kh2 Qh4+ 85. Kg1 Qd4+ 86. Kh2 Qh4+ 87. Kg1 Qe1+ 88. Kh2 Qh4+ 89. Kg1 Qd4+ 90. Kh2 Qf4+ 91. Kg1 Qxf7 92. Kh2 Qxe8 93. Bxc6 Qxc6 94. Kg3 Kf6 95. Kg4 Kg6 96. Kg3 Kf5 97. Kf2 Qe4 98. Kg3 Qd3+ 99. Kf2 Qxa3 100. Kg2 Qxb4 101. c6 Qc5 102. Kf3 Qxc6+ 0-1

[Event "Dos Hermanas Internet qual-C 10th"]
[Site "ICC INT"]
[Date "2009.03.14"]
[Round "5"]
[White "Cernousek, Lukas"]
[Black "Akselrod, Vladislav"]
[Result "1-0"]
[WhiteElo "2442"]
[BlackElo "2446"]
[PlyCount "57"]
[EventDate "2009.03.14"]
[EventType "swiss (blitz)"]
[EventRounds "12"]
[EventCountry "ESP"]
[SourceTitle "CBM 129 Extra"]
[Source "ChessBase"]
[SourceDate "2009.05.05"]
[SourceVersion "2"]
[SourceVersionDate "2009.05.20"]
[SourceQuality "1"]

1. e4 e6 2. d4 d5 3. Nd2 Nf6 4. e5 Nfd7 5. Bd3 c5 6. c3 Nc6 7. Ne2 cxd4 8. cxd4 f6 9. Nf4 Nxd4 10. Qh5+ Ke7 11. Ng6+ hxg6 12. exf6+ Nxf6 13. Qxh8 Kf7 14. Qh4 e5 15. Nf3 Nxf3+ 16. gxf3 Bf5 17. Bxf5 gxf5 18. Bg5 Qa5+ 19. Kf1 Be7 20. Kg2 Qb5 21. Rac1 e4 22. fxe4 dxe4 23. Rc7 Qd5 24. Rhc1 e3+ 25. f3 Qd2+ 26. Kg1 Qd5 27. Bxf6 gxf6 28. Qh7+ Ke6 29. Qxe7# 1-0

[Event "Dos Hermanas Internet qual-A 10th"]
[Site "ICC INT"]
[Date "2009.03.13"]
[Round "9"]
[White "Akselrod, Vladislav"]
[Black "Delgado Ramirez, Neuris"]
[Result "0-1"]
[WhiteElo "2446"]
[BlackElo "2550"]
[PlyCount "98"]
[EventDate "2009.03.13"]
[EventType "swiss (blitz)"]
[EventRounds "12"]
[EventCountry "ESP"]
[SourceTitle "CBM 129 Extra"]
[Source "ChessBase"]
[SourceDate "2009.05.05"]
[SourceVersion "2"]
[SourceVersionDate "2009.05.20"]
[SourceQuality "1"]

1. d4 d5 2. Nf3 Nf6 3. Bf4 e6 4. e3 Bd6 5. Bxd6 Qxd6 6. c3 c5 7. Ne5 0-0 8. Nd2 Nc6 9. Nxc6 bxc6 10. Nf3 cxd4 11. exd4 Rb8 12. b4 a5 13. a3 Ne4 14. Qc2 e5 15. dxe5 Qg6 16. Nd2 Bf5 17. Nxe4 Bxe4 18. Qd2 Rbe8 19. f3 Bf5 20. Kf2 Rxe5 21. bxa5 Qd6 22. a6 Rfe8 23. g4 Bc8 24. a7 Bd7 25. Rb1 Qc7 26. Qd4 c5 27. Qd2 Qxa7 28. f4 c4+ 29. Qd4 Qxd4+ 30. cxd4 Re4 31. Kg3 Re3+ 32. Kf2 R3e4 33. Rb7 Bxg4 34. Rg1 Rxf4+ 35. Kg3 Rxd4 36. h3 Be6 37. a4 g6 38. a5 Ra8 39. Rb5 c3 40. Rc5 Ra4 41. Rxc3 R4xa5 42. Bg2 Ra3 43. Rgc1 d4 44. Rxa3 Rxa3+ 45. Kf4 Bxh3 46. Bxh3 Rxh3 47. Ke5 Kg7 48. Kxd4 Rh5 49. Ke4 Rf5 0-1

[Event "Dos Hermanas Internet qual-A 10th"]
[Site "ICC INT"]
[Date "2009.03.13"]
[Round "7"]
[White "Akselrod, Vladislav"]
[Black "Freile Martin, Javier"]
[Result "1-0"]
[WhiteElo "2446"]
[BlackElo "2329"]
[PlyCount "93"]
[EventDate "2009.03.13"]
[EventType "swiss (blitz)"]
[EventRounds "12"]
[EventCountry "ESP"]
[SourceTitle "CBM 129 Extra"]
[Source "ChessBase"]
[SourceDate "2009.05.05"]
[SourceVersion "2"]
[SourceVersionDate "2009.05.20"]
[SourceQuality "1"]

1. d4 c6 2. Nf3 d6 3. e4 Qc7 4. Nc3 Nf6 5. Bc4 Bg4 6. h3 Bxf3 7. Qxf3 e5 8. dxe5 dxe5 9. Bg5 Nbd7 10. 0-0 Be7 11. Rad1 0-0 12. Rd2 Rad8 13. Rfd1 h6 14. Bh4 Nb6 15. Bb3 Nbd7 16. a3 Nc5 17. Bc4 b5 18. Ba2 Rxd2 19. Rxd2 Rd8 20. Rxd8+ Qxd8 21. Qe3 Qd4 22. Bxf6 Bxf6 23. Kf1 Bg5 24. Qxd4 exd4 25. Ne2 d3 26. cxd3 Nxd3 27. b4 Bf6 28. Bb1 Ne5 29. Ba2 Nd3 30. Bb1 Ne5 31. f4 Nc4 32. e5 Nd2+ 33. Kf2 Nxb1 34. exf6 Nxa3 35. Nd4 gxf6 36. Nxc6 a6 37. Nb8 Kf8 38. Nxa6 Ke7 39. Kg3 Nc2 40. Kg4 Ke6 41. Nc7+ Kd6 42. Nxb5+ Kc6 43. Nc3 Nxb4 44. Kf5 Nd5 45. Nxd5 Kxd5 46. Kxf6 Ke4 47. g3 1-0

[Event "Dos Hermanas Internet qual-A 10th"]
[Site "ICC INT"]
[Date "2009.03.13"]
[Round "5"]
[White "Akselrod, Vladislav"]
[Black "Ubiennykh, Ekaterina"]
[Result "0-1"]
[WhiteElo "2446"]
[BlackElo "2285"]
[PlyCount "114"]
[EventDate "2009.03.13"]
[EventType "swiss (blitz)"]
[EventRounds "12"]
[EventCountry "ESP"]
[SourceTitle "CBM 129 Extra"]
[Source "ChessBase"]
[SourceDate "2009.05.05"]
[SourceVersion "2"]
[SourceVersionDate "2009.05.20"]
[SourceQuality "1"]

1. d4 d5 2. Nf3 Nf6 3. c4 c6 4. Nc3 dxc4 5. a4 Bf5 6. Nh4 Bg6 7. Nxg6 hxg6 8. e4 e5 9. dxe5 Qxd1+ 10. Kxd1 Ng4 11. Ke1 Nxe5 12. f4 Nd3+ 13. Bxd3 cxd3 14. Kd2 Na6 15. Kxd3 0-0-0+ 16. Ke2 Bb4 17. Be3 Rhe8 18. Kf3 Bxc3 19. bxc3 Rd3 20. Rac1 Nc5 21. e5 Nxa4 22. c4 f6 23. Ke4 Rb3 24. g4 Nc3+ 25. Kd4 Ne2+ 26. Ke4 Nxc1 27. Rxc1 fxe5 28. fxe5 a5 29. Ra1 Rxe3+ 30. Kxe3 Rxe5+ 31. Kd4 Rg5 32. h3 Kc7 33. c5 Rd5+ 34. Kc4 b5+ 35. cxb6+ Kxb6 36. Rb1+ Rb5 37. Rf1 a4 38. Ra1 Ra5 39. Rb1+ Rb5 40. Ra1 Ka5 41. h4 Rb4+ 42. Kc5 Rxg4 43. Rf1 Rxh4 44. Rf8 Rh5+ 45. Kc4 Rh4+ 46. Kc5 Rh5+ 47. Kc4 Rb5 48. Ra8+ Kb6 49. Rxa4 Rf5 50. Ra8 Kc7 51. Rg8 Rf4+ 52. Kd3 Rf7 53. Kd4 Kd6 54. Rd8+ Kc7 55. Ra8 Rd7+ 56. Kc5 Rd5+ 57. Kc4 Rd7 0-1

[Event "Dos Hermanas Internet qual-A 10th"]
[Site "ICC INT"]
[Date "2009.03.13"]
[Round "4"]
[White "Iturrizaga Bonelli, Eduardo"]
[Black "Akselrod, Vladislav"]
[Result "1-0"]
[WhiteElo "2528"]
[BlackElo "2446"]
[PlyCount "97"]
[EventDate "2009.03.13"]
[EventType "swiss (blitz)"]
[EventRounds "12"]
[EventCountry "ESP"]
[SourceTitle "CBM 129 Extra"]
[Source "ChessBase"]
[SourceDate "2009.05.05"]
[SourceVersion "2"]
[SourceVersionDate "2009.05.20"]
[SourceQuality "1"]

1. d4 d5 2. Nf3 c6 3. c4 e6 4. e3 f5 5. g3 Nf6 6. b3 Bd6 7. Bg2 0-0 8. 0-0 Qe7 9. a4 Ne4 10. Ba3 Bxa3 11. Nxa3 Nd7 12. Nc2 b6 13. Nce1 a5 14. Nd3 Ba6 15. Nde5 Rac8 16. Qd3 Nxe5 17. Nxe5 Rfd8 18. Rfc1 c5 19. Qd1 dxc4 20. bxc4 f4 21. Bxe4 cxd4 22. exd4 Qg5 23. Bg2 h5 24. Nf3 Qf6 25. Qb3 Bb7 26. Qxb6 Bxf3 27. Bxf3 fxg3 28. hxg3 Qxf3 29. Qxe6+ Kh8 30. Qe3 Qf6 31. d5 Re8 32. Qf4 Qb2 33. Rab1 Qa2 34. Qd4 Qa3 35. d6 Red8 36. c5 Rd7 37. Rc3 Qa2 38. Re1 Rcd8 39. c6 Rxd6 40. Qxd6 Rxd6 41. c7 Qd2 42. c8Q+ Kh7 43. Qf5+ g6 44. Re7+ Kh6 45. Qf8+ Kg5 46. Rc5+ Kg4 47. Re4+ Kh3 48. Qf5+ gxf5 49. Rh4# 1-0

[Event "Novosibirsk April op"]
[Site "Novosibirsk"]
[Date "2008.04.11"]
[Round "7"]
[White "Akselrod, Vladislav"]
[Black "Novichkov, Vladimir"]
[Result "1-0"]
[WhiteElo "2441"]
[BlackElo "2111"]
[PlyCount "63"]
[EventDate "2008.04.05"]
[EventType "swiss"]
[EventRounds "9"]
[EventCountry "RUS"]
[SourceTitle "EXT 2010"]
[Source "ChessBase"]
[SourceDate "2010.11.25"]
[SourceVersion "1"]
[SourceVersionDate "2010.11.25"]
[SourceQuality "1"]

1. d4 d5 2. Nf3 Nf6 3. c4 c6 4. e3 Bf5 5. Nc3 e6 6. Nh4 Be4 7. Qb3 b6 8. cxd5 exd5 9. Be2 Bd6 10. Nxe4 Nxe4 11. Nf5 0-0 12. Nxd6 Qxd6 13. 0-0 f5 14. f3 Nf6 15. Bd3 Qe6 16. Qc2 g6 17. Bd2 Nbd7 18. Rac1 Rac8 19. Qa4 Qd6 20. Ba6 Rc7 21. Bb4 c5 22. Be1 Nh5 23. Bb5 Ndf6 24. Qa3 Rb8 25. Bf2 Qe6 26. b3 Rcc8 27. dxc5 Qe7 28. Ba6 Rxc5 29. e4 fxe4 30. Bxc5 bxc5 31. Qxc5 Qe6 32. Bc8 1-0

[Event "Novosibirsk April op"]
[Site "Novosibirsk"]
[Date "2008.04.09"]
[Round "5"]
[White "Akselrod, Vladislav"]
[Black "Petrukhin, Denis"]
[Result "1-0"]
[WhiteElo "2441"]
[BlackElo "2403"]
[PlyCount "49"]
[EventDate "2008.04.05"]
[EventType "swiss"]
[EventRounds "9"]
[EventCountry "RUS"]
[SourceTitle "EXT 2010"]
[Source "ChessBase"]
[SourceDate "2010.11.25"]
[SourceVersion "1"]
[SourceVersionDate "2010.11.25"]
[SourceQuality "1"]

1. d4 g6 2. e4 Bg7 3. Nf3 d6 4. Be2 Nf6 5. Nc3 0-0 6. 0-0 c6 7. Re1 Qc7 8. a4 a5 9. Bg5 Na6 10. Qd2 Nb4 11. Rac1 e5 12. dxe5 dxe5 13. Bc4 Nh5 14. Ne2 Be6 15. Bxe6 fxe6 16. c3 Na6 17. Qd3 Nf4 18. Bxf4 exf4 19. Rcd1 e5 20. Qc4+ Kh8 21. Nc1 Qe7 22. Rd2 g5 23. Red1 g4 24. Rd7 Qc5 25. Qe6 1-0

[Event "Novosibirsk April op"]
[Site "Novosibirsk"]
[Date "2008.04.07"]
[Round "3"]
[White "Akselrod, Vladislav"]
[Black "Konev, Yury"]
[Result "1-0"]
[WhiteElo "2441"]
[BlackElo "2178"]
[PlyCount "41"]
[EventDate "2008.04.05"]
[EventType "swiss"]
[EventRounds "9"]
[EventCountry "RUS"]
[SourceTitle "EXT 2010"]
[Source "ChessBase"]
[SourceDate "2010.11.25"]
[SourceVersion "1"]
[SourceVersionDate "2010.11.25"]
[SourceQuality "1"]

1. d4 Nf6 2. Nf3 e6 3. e3 d5 4. Bd3 Be7 5. 0-0 0-0 6. c4 dxc4 7. Bxc4 Nbd7 8. Nc3 Nb6 9. Bb3 c5 10. Qe2 Bd7 11. Rd1 Qc7 12. e4 cxd4 13. Nxd4 e5 14. Nf5 Bxf5 15. exf5 Rfd8 16. Bg5 Nfd5 17. Rxd5 Bxg5 18. Rxe5 Nd7 19. Rd5 Re8 20. Qh5 h6 21. Qxf7+ 1-0

[Event "Novosibirsk Sibiria op-C"]
[Site "Novosibirsk"]
[Date "2007.07.25"]
[Round "5"]
[White "Yudin, Sergei"]
[Black "Akselrod, Vladislav"]
[Result "0-1"]
[WhiteElo "2503"]
[BlackElo "2427"]
[PlyCount "50"]
[EventDate "2007.07.21"]
[EventType "swiss"]
[EventRounds "9"]
[EventCountry "RUS"]
[SourceTitle "EXT 2008"]
[Source "ChessBase"]
[SourceDate "2007.11.25"]
[SourceVersion "1"]
[SourceVersionDate "2007.11.25"]
[SourceQuality "1"]

1. e4 e6 2. d4 d5 3. Nd2 Nf6 4. e5 Nfd7 5. Bd3 c5 6. c3 Nc6 7. Ne2 cxd4 8. cxd4 f6 9. exf6 Nxf6 10. 0-0 Bd6 11. Nf3 0-0 12. Bf4 Bxf4 13. Nxf4 Ne4 14. Qc1 Qf6 15. Nh5 Qg6 16. Nf4 Qg4 17. g3 Qxf3 18. Be2 Rxf4 19. Bxf3 Rxf3 20. Qd1 Rf6 21. Rc1 Bd7 22. Rc2 Raf8 23. a3 Be8 24. b4 a6 25. Rb2 Rf3 0-1

[Event "Novosibirsk Sibiria op-C"]
[Site "Novosibirsk"]
[Date "2007.07.24"]
[Round "4"]
[White "Akselrod, Vladislav"]
[Black "Bocharov, Ivan"]
[Result "1-0"]
[WhiteElo "2427"]
[BlackElo "2399"]
[PlyCount "39"]
[EventDate "2007.07.21"]
[EventType "swiss"]
[EventRounds "9"]
[EventCountry "RUS"]
[SourceTitle "EXT 2008"]
[Source "ChessBase"]
[SourceDate "2007.11.25"]
[SourceVersion "1"]
[SourceVersionDate "2007.11.25"]
[SourceQuality "1"]

1. d4 f5 2. c4 Nf6 3. Nc3 g6 4. Bg5 Bg7 5. h4 c5 6. d5 Qa5 7. Bd2 Qb6 8. Nf3 0-0 9. Qc2 Re8 10. Ng5 e5 11. e4 d6 12. h5 Nxh5 13. Rxh5 gxh5 14. exf5 Qd8 15. f6 Qxf6 16. Qxh7+ Kf8 17. Nce4 Qf5 18. Qxh5 Ke7 19. Nxd6 Kxd6 20. Qxe8 1-0